Khoáng sét và sự liên quan của chúng với một vài chỉ tiêu lý hoá học trong một số loại đất Việt Nam

সংরক্ষণ করুন:
গ্রন্থ-পঞ্জীর বিবরন
প্রধান লেখক: Đào, Châu Thu
বিন্যাস: গ্রন্থ
ভাষা:Undetermined
প্রকাশিত: Hà Nội Khoa học Kỹ thuật 2003
বিষয়গুলি:
ট্যাগগুলো: ট্যাগ যুক্ত করুন
কোনো ট্যাগ নেই, প্রথমজন হিসাবে ট্যাগ করুন!
Thư viện lưu trữ: Trung tâm Học liệu Trường Đại học Cần Thơ
LEADER 00626nam a2200193Ia 4500
001 CTU_64228
008 210402s9999 xx 000 0 und d
020 |b 19500 
082 |a 620.191 
082 |b Th500 
100 |a Đào, Châu Thu 
245 0 |a Khoáng sét và sự liên quan của chúng với một vài chỉ tiêu lý hoá học trong một số loại đất Việt Nam 
245 0 |c Đào Châu Thu 
260 |a Hà Nội 
260 |b Khoa học Kỹ thuật 
260 |c 2003 
650 |a Clay 
904 |i Minh 
980 |a Trung tâm Học liệu Trường Đại học Cần Thơ